Las aguas de la ira (Record no. 25684)

MARC details
000 -LEADER
campo de control de longitud fija 00368nam a2200145Ia 4500
005 - FECHA Y HORA DE LA ÚLTIMA TRANSACCIÓN
campo de control 20251222152031.0
008 - DATOS DE LONGITUD FIJA--INFORMACIÓN GENERAL
campo de control de longitud fija 251222s9999||||xx |||||||||||||| ||spa||
020 ## - NÚMERO INTERNACIONAL ESTÁNDAR DEL LIBRO
Número Internacional Estándar del Libro 970-32-4356-3
082 ## - NÚMERO DE LA CLASIFICACIÓN DECIMAL DEWEY
Número de clasificación 363.61/S17
100 ## - ENTRADA PRINCIPAL--NOMBRE DE PERSONA
Nombre de persona Saldívar V., Américo
245 #0 - MENCIÓN DEL TÍTULO
Título Las aguas de la ira
250 ## - MENCION DE EDICION
Mención de edición 1ra.ed.
264 ## - PRODUCCIÓN, PUBLICACIÓN, DISTRIBUCIÓN, FABRICACIÓN Y COPYRIGHT
Nombre del de productor, editor, distribuidor, fabricante Fundación para el Desarrollo del Agro
942 ## - ELEMENTOS DE ENTRADA SECUNDARIOS (KOHA)
Tipo de ítem Koha Libros
Holdings
Estatus retirado Estado de pérdida Estado de daño No para préstamo Biblioteca de origen Biblioteca actual Ubicación en estantería Fecha de adquisición Total de préstamos Signatura topográfica completa Código de barras Visto por última vez Precio de reemplazo Tipo de ítem Koha
        Biblioteca Huaura Biblioteca Huaura Programa 22/12/2025   363.61/S17 0024799 22/12/2025 22/12/2025 Libros